<?xml version="1.0" encoding="UTF-8"?>
<collection xmlns="http://www.loc.gov/MARC21/slim">
  <record>
    <leader>00000nam  2200000   4500</leader>
    <controlfield tag="001">NUTBA000000000002583</controlfield>
    <controlfield tag="005">20200522092906</controlfield>
    <datafield tag="035" ind1="#" ind2="#">
      <subfield code="a">0010-061400000000526</subfield>
    </datafield>
    <controlfield tag="008">200522################g##########0#ind##</controlfield>
    <datafield tag="020" ind1="#" ind2="#">
      <subfield code="a">978-979-1643-86-3</subfield>
    </datafield>
    <datafield tag="082" ind1="#" ind2="#">
      <subfield code="a">2X4.13</subfield>
    </datafield>
    <datafield tag="100" ind1="1" ind2="#">
      <subfield code="a">Ali, Mahrus H</subfield>
    </datafield>
    <datafield tag="245" ind1="1" ind2="#">
      <subfield code="a">Amaliyah sesat di bulan ramadhan (kesyirikan ngalap berkah kubur, ruwahan, megengan dan kesesatan djikir berjamaah di sela-sela shalat tarawih) /</subfield>
      <subfield code="c">H. Mahrus Ali</subfield>
    </datafield>
    <datafield tag="260" ind1="#" ind2="#">
      <subfield code="a">Surabaya :</subfield>
      <subfield code="b">Laa Tasyuk Press,</subfield>
      <subfield code="c">2009</subfield>
    </datafield>
    <datafield tag="300" ind1="#" ind2="#">
      <subfield code="a">xxxi, 549 hlm., :</subfield>
      <subfield code="b">Ilus. ;</subfield>
      <subfield code="c">15x23 cm</subfield>
    </datafield>
    <datafield tag="700" ind1=" " ind2="#">
      <subfield code="a">NBPNMAT</subfield>
    </datafield>
    <datafield tag="084" ind1="#" ind2="#">
      <subfield code="a">2X4.13 ALI a</subfield>
    </datafield>
    <datafield tag="250" ind1="#" ind2="#">
      <subfield code="a">cet.1</subfield>
    </datafield>
    <datafield tag="650" ind1="#" ind2="4">
      <subfield code="a">Hukum Islam</subfield>
    </datafield>
    <datafield tag="990" ind1="#" ind2="#">
      <subfield code="a">21001421</subfield>
    </datafield>
    <datafield tag="990" ind1="#" ind2="#">
      <subfield code="a">21001424</subfield>
    </datafield>
  </record>
</collection>
